| 000 | 00731nam a2200217 i 4500 | ||
|---|---|---|---|
| 001 | 186536 | ||
| 003 | SpMaBN | ||
| 005 | 20260525062938.0 | ||
| 008 | 161123s1954 ag |||| | spa d | ||
| 080 | _a821.14-83"01" | ||
| 100 | 0 |
_aLuciano de Samosata. _974580 |
|
| 245 | 1 | 0 |
_aDiálogos de los dioses _b; Diálogos de los muertos / _cLuciano ; [traducción de D. Cristóbal Vidal y F. Delgado]. |
| 246 | 1 | 0 | _aDiálogos de los muertos |
| 250 | _a2ª ed. | ||
| 260 |
_aBuenos Aires : _bEspasa-Calpe Argentina, _c1954. |
||
| 300 |
_a147 p. ; _c18 cm. |
||
| 490 | 1 |
_aColección austral ; _v1175 |
|
| 830 | 0 |
_aColección austral _v1175 _9177655 |
|
| 852 |
_aES-MaACL _jL-30881 _z. - Donat. Miguel A. Velasco |
||
| 999 |
_c186536 _d186536 |
||